000 00985nmc a2200325 a 4500
003 AR-BaBNM
005 20251128205007.0
008 256019s1994 ||||||||||||||000 | spa||
020 _a84-493-0054-1
040 _cAR-BaBNM
100 1 _aEsteve Zarazaga, José Manuel
245 1 0 _aEl malestar docente
250 _a3ª ed. aum. y corr.
260 _aBarcelona
_bPaidós
_c1994
300 _a177 p.
_btablas, diagr.
490 0 _aPapeles de pedagogía
_vv. 21
500 _aAnexo: algunas precisiones conceptuales sobre el estrés y la ansiedad de los profesores: p. 155-164
504 _aBibliografía: p. 165-177
650 4 _aSALUD MENTAL
650 4 _aSALUD FISICA
650 4 _aCONDICIONES DE TRABAJO DEL DOCENTE
650 4 _aROL DEL DOCENTE
650 4 _aFORMACION DE DOCENTES
650 4 _aFORMACION INICIAL DE DOCENTES
650 4 _aOBJETIVOS EDUCACIONALES
651 4 _aEspaña
653 _aINSTITUCIONES EDUCATIVAS
942 _cBK
998 _csilvi
999 _c9615
_d9615